| 000 | 00573nam a2200193 i 4500 | ||
|---|---|---|---|
| 001 | bgj | ||
| 100 | 1 | _aGRAY, Elizabeth | |
| 245 | 1 | 0 |
_aLetterfun : _bteacher's edition / _cElizabeth Gray, Virginia Evans. |
| 260 |
_aNewbury, Berkshire : _bExpress Publishing, _cc. 2001. |
||
| 300 |
_aVII, 64, [3] pp : _bill. ; _c30 cm. |
||
| 650 | 9 |
_aEnglish language _xTextbooks for children |
|
| 700 | 1 |
_aEVANS, Virginia. _eco-author |
|
| 020 | _a184216967X | ||
| 040 | _cBPK | ||
| 041 | 0 | _aeng | |
| 920 | _a1-84216-967-X | ||
| 942 | _cKS | ||
| 008 | s uk f |000 0 eng | ||
| 999 |
_c48507 _d48507 |
||